000 00325nam a2200133Ia 4500
008 240624s9999 xx 000 0 und d
041 _aeng
082 _a920 GEE
100 _aDOCTOR GEETA
245 _aAMRITA SHER GIL A PAINTED LIFE
260 _c2002
_aNew Delhi
_bRupa and Company
300 _a96 : p.
365 _cRS
_b25
999 _c17552
_d17552